Responses for show #1005 - Friday, January 6, 1989

Missing player introductions and first 16 clues.

Contestants

Dianne Bubb, a personal assistant originally from London, England

Henry DeVries, from

Charlie, from

Jeopardy! Round responses

U.S. CITIES
GARDENING
ACTORS & ROLES
POTPOURRI
1978
HOMOPHONES
    $100 1
=

Charlie
    $100 26
huckleberry

Triple Stumper
    $100 6
=

Henry
    $100 21
radish

Charlie
    $100 9
=

Henry
    $100 14
=

Henry
    $200 2
=

Charlie
    $200 30
bulbs

Henry
    $200 7
=

Henry
    $200 22
Secretary of State

Charlie
    $200 10
=

Dianne
    $200 15
=

Triple Stumper
    $300 3
=

Charlie
    $300 29
mulch

Charlie
    $300 8
=

Henry
    $300 23
perfumes

Dianne
    $300 11
=

Dianne
    $300 16
=

Dianne
    $400 4
=

Charlie
    $400 28
sun

Charlie
    $400 17
(Henry: Who is Leslie Howard?)

Leslie Nielsen

HenryDianne
    $400 24
Wales

Henry
    $500 12
=

=

Dianne
    $400 19
wreak/reek

Dianne
    $500 5
=

Henry
    $500 27
grass

Charlie
    $500 18
Klaus Maria Brandauer

Dianne
    $500 25
(Alex: We've got a minute to go.)

Basque

Charlie
    $500 13
=

Dianne
    $500 20
nay/née

Charlie

Scores at the first commercial break (after clue 15):

Charlie Henry Dianne
$1,000 $1,300 $500

Scores at the end of the Jeopardy! Round:

Charlie Henry Dianne
$3,500 $1,500 $2,400

Double Jeopardy! Round responses

CURRENT EVENTS
MEDICINE
SONG LYRICS
TRANSPORTATION
SPIDERS & SNAKES
ALICE THROUGH THE LOOKING GLASS
    $200 12
Mississippi River

Henry
    $200 4
go to sleep

Henry
    $200 1
Broadway

Triple Stumper
    $200 14
trains

Charlie
    $200 7
rattlesnakes

Charlie
    $200 11
chess

Henry
    $400 13
Iran & Iraq

Dianne
    $400 8
VDTs (video data terminals)

Dianne
    $400 2
your arms

Dianne
    $400 20
Carnival

Dianne
    $400 9
having no snakes

Charlie
    $400 21
Jabberwocky

Charlie
    $700 18
(Charlie: What is Norway?)

Sweden

Charlie
    $600 10
(Charlie: What is the heart?)

leg

CharlieDianne
    $600 3
the field artillery

Charlie
    $600 15
Rolls Royce

Henry
    $600 25
Tweedledum & Tweedledee

Charlie
    $800 19
Zia

Dianne
    $800 23
vitamin A

Henry
    $800 5
kisses

Henry
    $1,500 16
Germany

Henry
    $1000 22
(Charlie: What are layoffs?)
...
(Alex: You get to select with a minute to go.)

plant closures

CharlieDianne
    $1000 26
Lyme fever (Lyme disease)

Charlie
    $1000 6
silence

Dianne
    $1000 17
Atlanta

Charlie
    $1000 24
(Dianne: What is the black widow spider?)
(Charlie: What is the violin spider?)

brown recluse

CharlieDianne
Triple Stumper
    $1000 27
(Charlie: What is a rabbit?)
...
[End of round signals.]

cat

CharlieHenry

Scores at the end of the Double Jeopardy! Round:

Charlie Henry Dianne
$3,600 $6,800 $6,400

[wagering suggestions for these scores]

Final Jeopardy! Round responses

WORLD GEOGRAPHY
CharlieWhat are Ecuador & Brazil?
$2,800
DianneWhat is Equador & Kenya?
$6,400
HenryWhat is Brazil & India?
$6,000
(2 of) Ecuador, Colombia, Brazil, Gabon, Congo, Zaire, Kenya, Somalia & Uganda

Final scores:

Charlie Henry Dianne
$6,400 $800 $12,800
2nd place: trip on Delta to Lexington, Kentucky & stay at Gratz Park Inn 3rd place: Berkline Wallaway sofa New champion: $12,800

Game dynamics:

Coryat scores:

Charlie Henry Dianne
$4,300 $6,100 $6,900
19 R,
5 W
(including 1 DD)
16 R
(including 1 DD),
1 W
16 R,
2 W
(including 1 DD)

Combined Coryat: $17,300

The J! Archive is created by fans, for fans. The Jeopardy! game show and all elements thereof, including but not limited to copyright and trademark thereto, are the property of Jeopardy Productions, Inc. and are protected under law. This website is not affiliated with, sponsored by, or operated by Jeopardy Productions, Inc. Join the discussion at JBoard.tv.